| 000 | 00931nam a22002537a 4500 | ||
|---|---|---|---|
| 003 | PE SENCICO BE | ||
| 005 | 20251020182710.0 | ||
| 008 | 250106b |||||||| |||| 00| 0 eng d | ||
| 020 | _a978-3-8565-6188-4 | ||
| 040 |
_aPE SENCICO BE _cPE SENCICO BE |
||
| 041 |
_aspa _aita _apor _aeng |
||
| 082 |
_a728.7 _bJ64 |
||
| 100 | 1 |
_9373 _aJodidio, Philip _eautor |
|
| 245 | 1 |
_aTree houses = casas en árboles = case sugli alberi = casas nas árvores : _bfairy-tale castles in the air / _cPhilip Jodidio |
|
| 250 | _a[1a ed.] | ||
| 260 |
_aKoln [Alemania] : _bTaschen ; _c2017 |
||
| 300 |
_a533 p. : _bil. col. ; _c19 cm. |
||
| 520 | 3 | _aIdílicas casas en árboles de todos los rincones del mundo y en todos los estilos inimaginables, del romántico al moderno | |
| 650 | 1 | 0 |
_9190 _aCasas de campo |
| 650 | 2 | 0 |
_9844 _aViviendas ecológicas |
| 650 | 2 | 0 |
_91468 _aViviendas pequeñas |
| 910 |
_ahfp _bhfp _chfp |
||
| 942 |
_2ddc _cLIB |
||
| 999 |
_c5039 _d5039 |
||